000 01188nam a22003377a 4500
003 CHAP
005 20220817043332.0
008 971013s1983 r 00010 d
010 _a72332
011 _a73304
035 _a82861
040 _cCHAP
090 _aFolleto 9613
100 0 0 _aAguirre Montoya, Daniel Arturo.
_93017
245 _aGuía para cultivar maíz de humedad residual y temporal en la región centro oriental ade Puebla
260 _aTecamachalco, Pue. :
_bINIA. Campo Agrícola Experimental Tecamachalco,
_c1983
300 _a13 p.
_b: ilus.
490 _aINIA. Folleto para productores
_v; 2
590 _aBATCH-UPD
_b10
_c20130110
_lUCH01
_h2054
590 _aBATCH-UPD
_b10
_c20130410
_lUCH01
_h1407
590 _aBATCH-UPD
_b10
_c20130914
_lUCH01
_h1643
590 _aCONVERSION
_b10
_c20130109
_lUCH01
_h1340
650 1 4 _aMaíz
_xHumedad.
_970976
650 1 4 _aMaíz
_zPuebla.
700 0 _aSalas Téllez, Víctor Manuel.
_9101333
830 0 _aINIA. Folleto para productores
_v; 2
_958462
901 _aBK
942 _cFOLL
949 _aFolleto 9613
_bBC
_cFOLL
_d-37120
_eTS1
_i82861
_mD.
_si
949 _aFolleto 9613
_bBC
_cFOLL
_d-37121
_eTS2
_fc.2
_i82861
_mD.
_si
999 _c72332
_d72332